000 00328nam a22001217a 4500
040 _cSK
082 _a631
100 _aជួង សុផល
245 _aPrincipes et fonctionnement des ecosystemes cultives en semis direct sur couverture vegetale permanente
260 _aRUA
_bជួង
_c2009
300 _a16p.
942 _cEK
999 _c9507
_d9507